Roma contra Roma

Guardado en:
Bibliografiske detaljer
Hovedforfatter: Reggiani, Renée
Format: Bog
Sprog:Undetermined
Udgivet: Barcelona, España Planeta 1989
Fag:
Tags: Tilføj Tag
Ingen Tags, Vær først til at tagge denne postø!

MARC

LEADER 00000nam a2200000Ia 4500
008 170316s9999 xx 000 0 und d
999 |c 8206  |d 8206 
040 |a cru BVZT 
090 |a 850 R-1r 
100 |a Reggiani, Renée 
245 |a Roma contra Roma  |c / Renée Reggiani 
260 |a Barcelona, España  |b Planeta  |c 1989 
300 |a 282 páginas 
650 |a LITERATURA ITALIANA  |9 212 
942 |c 15 D  |h 850 R-1r  |2 z